| 000 | 00427nam a2200157 4500 | ||
|---|---|---|---|
| 003 | OSt | ||
| 008 | 240702b |||||||| |||| 00| 0 eng d | ||
| 020 | _a9780670921607 | ||
| 082 |
_a658.5 _bRIL |
||
| 100 | _aRIES, Eric | ||
| 245 | _aThe Lean Startup: How Constant Innovation Creates Radically Successful Businesses | ||
| 260 |
_aUK: _bPenguin Random House, _c2011. |
||
| 300 | _a320p. | ||
| 650 | _aGeneral | ||
| 942 |
_2ddc _cREF |
||
| 999 |
_c12781 _d12781 |
||